Anthills of the savannah. (Record no. 7204)
[ view plain ]
| 000 -LEADER | |
|---|---|
| fixed length control field | 00551cam a22001932 4500 |
| 001 - CONTROL NUMBER | |
| control field | 0000006133 |
| 005 - DATE AND TIME OF LATEST TRANSACTION | |
| control field | 20151217152013.0 |
| 008 - FIXED-LENGTH DATA ELEMENTS--GENERAL INFORMATION | |
| fixed length control field | 070920s xx 000 0 eng d |
| 020 ## - INTERNATIONAL STANDARD BOOK NUMBER | |
| International Standard Book Number | 9966463755 : |
| Terms of availability | KES 660 |
| 040 ## - CATALOGING SOURCE | |
| Original cataloging agency | KABU |
| Transcribing agency | KABU |
| 100 1# - MAIN ENTRY--PERSONAL NAME | |
| Personal name | Achebe, Chinua. |
| -- | 0000062831 |
| 245 10 - TITLE STATEMENT | |
| Title | Anthills of the savannah. |
| 260 ## - PUBLICATION, DISTRIBUTION, ETC. (IMPRINT) | |
| Place of publication, distribution, etc. | Nairobi : |
| Name of publisher, distributor, etc. | EAEP, |
| Date of publication, distribution, etc. | 1987. |
| 300 ## - PHYSICAL DESCRIPTION | |
| Extent | 233 p. |
| 852 1# - LOCATION | |
| -- | p590 KES |
| 852 1# - LOCATION | |
| -- | p590 KES |
| 908 ## - PUT COMMAND PARAMETER (RLIN) | |
| Put command parameter | 070920 |
| 950 ## - LOCAL HOLDINGS (RLIN) | |
| -- | 1 |
| Withdrawn status | Lost status | Source of classification or shelving scheme | Damaged status | Not for loan | Home library | Current library | Date acquired | Total Checkouts | Full call number | Barcode | Date last seen | Date last checked out | Price effective from | Koha item type | Total Renewals | Checked out |
|---|---|---|---|---|---|---|---|---|---|---|---|---|---|---|---|---|
| Lost | Library of Congress Classification | Kabarak, Main Campus | Kabarak, Main Campus | 17/12/2015 | 5 | PR9387.9 .A3A58 c. 4 | 24240 | 08/10/2018 | 08/10/2018 | 17/12/2015 | General Collection | |||||
| Library of Congress Classification | Kabarak, Main Campus | Kabarak, Main Campus | 17/12/2015 | PR9387.9 .A3A58 c. 5 | 24533 | 17/12/2015 | 17/12/2015 | General Collection | ||||||||
| Library of Congress Classification | Kabarak, Main Campus | Kabarak, Main Campus | 17/12/2015 | 30 | PR9387.9 .A3A58 c. 3 | 24239 | 31/01/2025 | 31/01/2025 | 17/12/2015 | General Collection | 2 | 17/02/2025 | ||||
| Library of Congress Classification | Kabarak, Main Campus | Kabarak, Main Campus | 17/12/2015 | 13 | PR9387.9 .A3A58 c. 7 | 24535 | 22/07/2021 | 14/07/2021 | 17/12/2015 | General Collection | ||||||
| Lost | Library of Congress Classification | Kabarak, Main Campus | Kabarak, Main Campus | 17/12/2015 | 1 | PR9387.9 .A3A58 c. 2 | 24060 | 25/01/2016 | 25/01/2016 | 17/12/2015 | General Collection | |||||
| Library of Congress Classification | Kabarak, Main Campus | Kabarak, Main Campus | 17/12/2015 | 4 | PR9387.9 .A3A58 c. 6 | 24534 | 17/06/2022 | 02/11/2018 | 17/12/2015 | General Collection | ||||||
| Library of Congress Classification | Kabarak, Main Campus | Kabarak, Main Campus | 17/12/2015 | PR9387.9 .A3A58 c. 8 | 017433 | 17/12/2015 | 17/12/2015 | Africana Collection | ||||||||
| Library of Congress Classification | Kabarak, Main Campus | Kabarak, Main Campus | 17/12/2015 | PR9387.9 .A3A58 c. 1 | 004972 | 17/12/2015 | 17/12/2015 | Africana Collection |